[Event "Amager Klubmesterskab 2011"]
[Site "Sundbyoster"]
[Date "2011.03.15"]
[Round "5"]
[White "Brorsen, Kristian"]
[Black "Nielsen, Bjorn"]
[Result "1-0"]
[WhiteElo "1200"]
[BlackElo "1124"]
[PlyCount "139"]
[EventDate "2011.??.??"]

1. d4 Nf6 2. c4 g6 3. g3 Bg7 4. Bg2 O-O 5. Nf3 e6 6. Nc3 d5 7. cxd5 exd5 8. Bg5
Be6 9. Rc1 Nbd7 10. Nb5 c6 11. Nc3 Qc8 12. O-O Bf5 13. Re1 Ne4 14. Nxe4 Bxe4
15. e3 Re8 16. Bh3 Bf5 17. Bxf5 gxf5 18. Nh4 Nf8 19. Qd3 Re4 20. f3 Rxh4 21.
gxh4 Qe6 22. Rc2 Ng6 23. h5 Nh8 24. Rg2 h6 25. Bf4 Kh7 26. Kf2 Rg8 27. e4 Qf6
28. e5 Qh4+ 29. Bg3 Qxh5 30. e6 f6 31. e7 Re8 32. Re6 Kg8 33. Bd6 Kf7 34. Qe3
Ng6 35. Rg1 Qh4+ 36. Ke2 f4 37. Qf2 Qxf2+ 38. Kxf2 Nxe7 39. Rxe7+ Rxe7 40. Bxe7
Bh8 41. Bd6 f5 42. Be5 Bxe5 43. dxe5 Ke6 44. Rg6+ Kxe5 45. Rxh6 c5 46. Ke2 b5
47. h4 Kd4 48. Kd2 c4 49. Rd6 b4 50. Rc6 a5 51. h5 a4 52. a3 Ke5 53. axb4 d4
54. h6 Kd5 55. Ra6 c3+ 56. bxc3 dxc3+ 57. Kxc3 a3 58. Rxa3 Ke6 59. b5 Kf6 60.
h7 Kg7 61. Ra7+ Kh8 62. Ra8+ Kxh7 63. b6 Kh6 64. b7 Kh5 65. Rh8+ Kg5 66. b8=Q
Kf6 67. Qd6+ Kg7 68. Qf8+ Kg6 69. Rh6+ Kg5 70. Qg7# 1-0

[Event "Amager Klubmesterskab 2011"]
[Site "Sundbyoster"]
[Date "2011.03.15"]
[Round "5"]
[White "Foss, Kim"]
[Black "Nielsen, Mogens Bach"]
[Result "1/2-1/2"]
[WhiteElo "1450"]
[BlackElo "1846"]
[PlyCount "62"]
[EventDate "2011.??.??"]

1. Nf3 d5 2. c4 c6 3. b3 Nf6 4. Bb2 Nbd7 5. d4 e6 6. Nbd2 Bd6 7. e3 a5 8. Be2
b6 9. O-O Qc7 10. cxd5 cxd5 11. Rc1 Qb8 12. Qc2 Bb7 13. Rfe1 O-O 14. h3 h6 15.
Bb5 Rd8 16. Qb1 Ne4 17. Nxe4 dxe4 18. Nd2 Nf6 19. Nc4 Bd5 20. Nxd6 Qxd6 21. Bc4
Rac8 22. Rc2 Bb7 23. Qc1 Nd5 24. Ba3 Qd7 25. Qd2 a4 26. Qe2 b5 27. Bxd5 Rxc2
28. Qxc2 exd5 29. bxa4 bxa4 30. Bc5 Ba6 31. Qb2 Qb5 1/2-1/2

[Event "Amager Klubmesterskab 2011"]
[Site "Sundbyoster"]
[Date "2011.03.15"]
[Round "5"]
[White "Hansen, Benny"]
[Black "Dupont, Michael Kim"]
[Result "1-0"]
[WhiteElo "1407"]
[BlackElo "1159"]
[PlyCount "60"]
[EventDate "2011.??.??"]

1. e4 c5 2. Nf3 Nc6 3. d4 cxd4 4. Nxd4 e5 5. Nb3 Nf6 6. Qf3 Nb4 7. Bd3 d5 8.
exd5 Nbxd5 9. Nc3 Bg4 10. Bb5+ Bd7 11. Bxd7+ Qxd7 12. Bg5 Bb4 13. O-O Rc8 14.
Bxf6 Nxf6 15. Qg3 Bxc3 16. bxc3 O-O 17. Rfe1 Qc7 18. Re3 Nd5 19. Rd3 Nxc3 20.
Re1 Nxa2 21. Nd2 Qxc2 22. Ne4 Rfd8 23. Nf6+ Kh8 24. Rxd8+ Rxd8 25. Qxe5 Qc6 26.
Nh5 Rg8 27. h3 Nb4 28. Rd1 Qe8 29. Qc3 Qe2 30. Rd8 Qxh5 1-0

[Event "Amager Klubmesterskab 2011"]
[Site "Sundbyoster"]
[Date "2011.03.15"]
[Round "5"]
[White "Kinch, Peder"]
[Black "Johansen, Erik"]
[Result "0-1"]
[WhiteElo "1228"]
[BlackElo "1589"]
[PlyCount "23"]
[EventDate "2011.??.??"]

1. f4 Nf6 2. Nf3 d5 3. b3 g6 4. Bb2 Bg7 5. e3 O-O 6. Be2 c5 7. O-O Nc6 8. a3
Bf5 9. d3 Re8 10. Ne5 h5 11. Nf3 Ng4 12. Bxg7 0-1

[Event "Amager Klubmesterskab 2011"]
[Site "Sundbyoster"]
[Date "2011.03.29"]
[Round "5"]
[White "Luedeking, John"]
[Black "Madsen, Palle"]
[Result "1/2-1/2"]
[WhiteElo "1658"]
[BlackElo "1882"]
[PlyCount "32"]
[EventDate "2011.??.??"]

1. e4 e5 2. Nf3 Nc6 3. Bb5 f5 4. Nc3 fxe4 5. Nxe4 Be7 6. d4 exd4 7. Nxd4 Nf6 8.
Nxc6 bxc6 9. Nxf6+ Bxf6 10. Qe2+ Qe7 11. Qxe7+ Bxe7 12. Bd3 O-O 13. O-O d5 14.
Bd2 Rb8 15. Rab1 c5 16. c3 Bd6 1/2-1/2

[Event "Amager Klubmesterskab 2011"]
[Site "Sundbyoster"]
[Date "2011.03.15"]
[Round "5"]
[White "Larsen, Kim"]
[Black "Gade, Jens"]
[Result "1-0"]
[WhiteElo "1544"]
[BlackElo "1237"]
[PlyCount "89"]
[EventDate "2011.??.??"]

1. e4 c5 2. Nf3 d6 3. c3 Nc6 4. d4 cxd4 5. cxd4 Bg4 6. Be2 Nf6 7. Nc3 e6 8. O-O
Be7 9. a3 O-O 10. b4 Rc8 11. Bb2 Re8 12. Rc1 d5 13. e5 Ne4 14. h3 Bh5 15. Na4
a6 16. Nc5 Nxc5 17. bxc5 h6 18. Nd2 Bxe2 19. Qxe2 f5 20. Bc3 f4 21. Rb1 Rc7 22.
Rb6 Bg5 23. Rfb1 Qe7 24. Nf3 Rb8 25. Nd2 Qf7 26. Nb3 Rf8 27. f3 Bd8 28. Nc1 Qe7
29. Nd3 Rf5 30. Qb2 Rf7 31. Bd2 g5 32. Nb4 Rc8 33. Nxc6 Rxc6 34. Rxb7 Rc7 35.
Rb8 Kg7 36. Ba5 Rd7 37. c6 Bxa5 38. cxd7 Qxd7 39. Qc2 Qa7 40. Qc5 Qxc5 41. dxc5
Rc7 42. R8b7 Kg6 43. Rxc7 Bxc7 44. Rb7 Bxe5 45. c6 1-0

[Event "Amager Klubmesterskab 2011"]
[Site "Sundbyoster"]
[Date "2011.03.15"]
[Round "5"]
[White "Mielow, Bjarne"]
[Black "Raad, Mads Bonde"]
[Result "1-0"]
[WhiteElo "1630"]
[BlackElo "1000"]
[PlyCount "39"]
[EventDate "2011.??.??"]

1. e4 e5 2. Nf3 Nc6 3. d4 f6 4. dxe5 Nxe5 5. Nxe5 fxe5 6. Qh5+ g6 7. Qxe5+ Qe7
8. Qxh8 Qf7 9. Qe5+ Kd8 10. Bg5+ Be7 11. Bxe7+ Nxe7 12. Bd3 d6 13. Qh8+ Ng8 14.
O-O Be6 15. Nd2 Kd7 16. Nf3 Re8 17. Ng5 Qf6 18. Qxf6 Nxf6 19. Nxe6 Kxe6 20.
Rad1 1-0

[Event "Amager Klubmesterskab 2011"]
[Site "Sundbyoster"]
[Date "2011.03.15"]
[Round "5"]
[White "Petersen, Nils"]
[Black "Lunding, Peter M"]
[Result "1/2-1/2"]
[WhiteElo "1997"]
[BlackElo "1939"]
[PlyCount "30"]
[EventDate "2011.??.??"]

1. c4 c6 2. g3 Nf6 3. Nf3 d5 4. Bg2 Bg4 5. Ne5 Bh5 6. O-O e6 7. b3 Nbd7 8. Bb2
Nxe5 9. Bxe5 Bd6 10. Bb2 Qe7 11. d3 O-O 12. Qc2 Rad8 13. e4 dxe4 14. dxe4 e5
15. Nc3 Bc5 1/2-1/2

[Event "Amager Klubmesterskab 2011"]
[Site "Sundbyoster"]
[Date "2011.03.15"]
[Round "5"]
[White "Pommerencke, Lars"]
[Black "Gram, Mathias Laerkegaard"]
[Result "0-1"]
[WhiteElo "1511"]
[BlackElo "1430"]
[PlyCount "90"]
[EventDate "2011.??.??"]

1. e4 c5 2. Nf3 d6 3. d4 cxd4 4. Nxd4 Nf6 5. Nc3 Nc6 6. Nxc6 bxc6 7. Be2 Qb6 8.
b3 Qb4 9. Bd2 Nxe4 10. Nxe4 Qxe4 11. O-O Bd7 12. Bd3 Qe5 13. Re1 Qf6 14. Re3
Bg4 15. Qe1 d5 16. Rg3 Bd7 17. Bg5 Qd6 18. Qe2 g6 19. Re1 f6 20. Bh4 g5 21.
Qh5+ Kd8 22. Bxg5 fxg5 23. Rxg5 Kc7 24. c4 h6 25. Rg6 Be8 26. Rxd6 Bxh5 27.
Rde6 Rd8 28. cxd5 Rxd5 29. R6e3 Kb6 30. b4 e6 31. Rb1 Rxd3 32. Rxd3 Bg6 33.
Rdd1 Bxb1 34. Rxb1 Kb5 35. a3 Ka4 36. Re1 Rh7 37. Rxe6 Re7 38. Rxe7 Bxe7 39. f4
Kxa3 40. g4 Kxb4 41. Kg2 Kc3 42. Kg3 a5 43. h4 a4 44. g5 hxg5 45. hxg5 a3 0-1

[Event "Amager Klubmesterskab 2011"]
[Site "Sundbyoster"]
[Date "2011.03.15"]
[Round "5"]
[White "Sorensen, Johnny"]
[Black "Jensen, Ole Yde"]
[Result "0-1"]
[WhiteElo "1244"]
[BlackElo "1553"]
[PlyCount "66"]
[EventDate "2011.??.??"]

1. d4 f5 2. Nf3 Nf6 3. e3 e6 4. a3 b6 5. c4 Bb7 6. b4 c5 7. Nc3 cxd4 8. exd4 d5
9. cxd5 Nxd5 10. Bb2 Nxc3 11. Bxc3 Bd5 12. Bb5+ Bc6 13. Bxc6+ Nxc6 14. b5 Ne7
15. O-O Nd5 16. Bb2 Bd6 17. Re1 Qf6 18. Rc1 O-O 19. Rc6 Rad8 20. Bc1 h6 21. Qe2
Rfe8 22. Qc2 g5 23. Qa4 Re7 24. Bb2 g4 25. Ne5 Bxe5 26. dxe5 Qh4 27. Rd1 f4 28.
Rc4 Rg7 29. Rxf4 Rc8 30. Rc4 Rd8 31. Rf1 Rg5 32. f4 Rh5 33. h3 Ne3 0-1

[Event "Amager Klubmesterskab 2011"]
[Site "Sundbyoster"]
[Date "2011.03.15"]
[Round "5"]
[White "Svensson, John Michael"]
[Black "Larsen, Ulrik Jejlskov"]
[Result "0-1"]
[WhiteElo "1492"]
[BlackElo "1517"]
[PlyCount "88"]
[EventDate "2011.??.??"]

1. d4 Nf6 2. c4 c5 3. d5 b5 4. e3 bxc4 5. Bxc4 d6 6. Nc3 g6 7. e4 Nbd7 8. Bb5
Bg7 9. Nge2 O-O 10. O-O Qa5 11. f3 Ba6 12. Bxa6 Qxa6 13. Qc2 Ne5 14. Be3 Nfd7
15. Nf4 Rfb8 16. Rab1 Rb7 17. Rfd1 Rab8 18. Nfe2 Nc4 19. Bc1 Rb4 20. f4 Qb7 21.
b3 Na5 22. Ba3 Rb6 23. Na4 Ra6 24. Bb2 Bxb2 25. Rxb2 Nb6 26. Nxb6 Qxb6 27. Kh1
Qb5 28. Nc3 Qb4 29. Na4 Qb5 30. Rdb1 Qb4 31. h3 Qa3 32. Qe2 c4 33. bxc4 Rxb2
34. Nxb2 Qxa2 35. Qc2 Rb6 36. Qc1 Nxc4 37. Kh2 Rxb2 38. Rxb2 Nxb2 39. Qc8+ Kg7
40. Qc3+ f6 41. e5 dxe5 42. fxe5 Qxd5 43. exf6+ exf6 44. Qxb2 Qe5+ 0-1

[Event "Amager Klubmesterskab 2011"]
[Site "Sundbyoster"]
[Date "2011.03.15"]
[Round "5"]
[White "Tronning, Mark Philip"]
[Black "Jensen, Jonbert"]
[Result "1/2-1/2"]
[WhiteElo "1416"]
[BlackElo "1355"]
[PlyCount "45"]
[EventDate "2011.??.??"]

1. e4 d6 2. d4 Nf6 3. Nc3 g6 4. Be3 Bg7 5. Bb5+ Bd7 6. Bxd7+ Qxd7 7. Nge2 Nc6
8. Qd2 a6 9. Bh6 O-O 10. Bxg7 Kxg7 11. d5 Na7 12. O-O c5 13. f4 Nb5 14. a4 Nxc3
15. Qxc3 Qc7 16. Rad1 e5 17. dxe6 fxe6 18. e5 dxe5 19. Qxe5 Qxe5 20. fxe5 Nd5
21. Rxf8 Rxf8 22. c4 Nb6 23. b3 1/2-1/2

[Event "Amager Klubmesterskab 2011"]
[Site "Sundbyoster"]
[Date "2011.03.22"]
[Round "6"]
[White "Foss, Kim"]
[Black "Mejer, Bjarne Faldt"]
[Result "1/2-1/2"]
[WhiteElo "1450"]
[BlackElo "1757"]
[PlyCount "36"]
[EventDate "2011.??.??"]

1. Nf3 d5 2. c4 c6 3. b3 Bf5 4. Bb2 e6 5. e3 Nf6 6. Be2 Nbd7 7. O-O Bd6 8. d4
O-O 9. Nc3 h6 10. Bd3 Ne4 11. Bxe4 Bxe4 12. Nxe4 dxe4 13. Nd2 f5 14. f3 Qh4 15.
g3 Bxg3 16. hxg3 Qxg3+ 17. Kh1 Qh3+ 18. Kg1 Qg3+ 1/2-1/2

[Event "Amager Klubmesterskab 2011"]
[Site "Sundbyoster"]
[Date "2011.03.22"]
[Round "6"]
[White "Gade, Jens"]
[Black "Mielow, Bjarne"]
[Result "0-1"]
[WhiteElo "1237"]
[BlackElo "1630"]
[PlyCount "126"]
[EventDate "2011.??.??"]

1. f4 b6 2. Nf3 Bb7 3. e3 Nf6 4. Be2 g6 5. O-O Bg7 6. Nc3 d6 7. d3 O-O 8. Bd2
e6 9. Rb1 Nbd7 10. a3 c5 11. b4 Qc7 12. bxc5 Nxc5 13. Nb5 Qb8 14. c4 Ne8 15.
Bc3 e5 16. fxe5 dxe5 17. d4 exd4 18. exd4 Na6 19. Ne5 Qd8 20. Bf3 Bxf3 21. Qxf3
Nf6 22. Qb7 Qc8 23. Qf3 Nc7 24. Nd6 Qe6 25. Bb4 a5 26. Qc6 axb4 27. Qxc7 bxa3
28. Ra1 b5 29. Nxb5 a2 30. Qd6 Qxd6 31. Nxd6 Ra7 32. Rf2 Nd7 33. Rfxa2 Rxa2 34.
Rxa2 Nxe5 35. dxe5 Bxe5 36. Nb5 Rc8 37. Rc2 Rc5 38. g3 Kg7 39. Kf2 h5 40. h3
Kf6 41. Kf3 Ke6 42. Na3 g5 43. Nb1 f5 44. Nd2 Ra5 45. Nf1 Ra3+ 46. Kg2 f4 47.
gxf4 Bxf4 48. c5 Kd7 49. c6+ Kc7 50. h4 gxh4 51. Rf2 h3+ 52. Kg1 h2+ 53. Nxh2
Be3 54. Nf1 Bxf2+ 55. Kxf2 Kxc6 56. Kg2 Kd5 57. Ng3 h4 58. Nf5 h3+ 59. Kh2 Ke5
60. Ng3 Kf4 61. Ne2+ Kg4 62. Ng1 Ra2+ 63. Kh1 Kg3 0-1

[Event "Amager Klubmesterskab 2011"]
[Site "Sundbyoster"]
[Date "2011.03.22"]
[Round "6"]
[White "Gram, Mathias Laerkegaard"]
[Black "Friis, Jordy"]
[Result "1/2-1/2"]
[WhiteElo "1430"]
[BlackElo "1530"]
[PlyCount "66"]
[EventDate "2011.??.??"]

1. e4 e5 2. Nf3 Nf6 3. Nc3 Bb4 4. d3 Nc6 5. a3 Bxc3+ 6. bxc3 d5 7. Bg5 dxe4 8.
Bxf6 Qxf6 9. dxe4 Qf4 10. Nd2 a6 11. g3 Qf6 12. Rb1 O-O 13. Bg2 Rb8 14. O-O Be6
15. Qe2 Qe7 16. Nc4 Bxc4 17. Qxc4 Qxa3 18. Rb3 Qe7 19. Ra1 Rfd8 20. Qe2 Qg5 21.
Rb2 Qd2 22. Qxd2 Rxd2 23. Bf1 Rd6 24. Bc4 a5 25. Bd5 b6 26. Bxc6 Rxc6 27. Rxa5
f6 28. Ra3 Rd8 29. Kf1 Kf7 30. Ke2 Ke6 31. Rb1 Rcd6 32. Ra7 Rd2+ 33. Ke1 R2d7
1/2-1/2

[Event "Amager Klubmesterskab 2011"]
[Site "Sundbyoster"]
[Date "2011.03.22"]
[Round "6"]
[White "Hansen, Benny"]
[Black "Sorensen, Johnny"]
[Result "1-0"]
[WhiteElo "1407"]
[BlackElo "1244"]
[PlyCount "59"]
[EventDate "2011.??.??"]

1. e4 g6 2. Nc3 Bg7 3. d3 Nc6 4. Be3 Nf6 5. Nf3 e5 6. Be2 d6 7. Qd2 O-O 8. h3
d5 9. exd5 Nxd5 10. Nxd5 Qxd5 11. c3 Rd8 12. Ng5 Bf5 13. Bf3 Qxd3 14. Qxd3 Rxd3
15. O-O Re8 16. Ne4 Rdd8 17. Bg5 Rd3 18. Nc5 Rxf3 19. gxf3 Bxh3 20. Rfe1 b6 21.
Ne4 Be6 22. Nf6+ Bxf6 23. Bxf6 Bd5 24. Re3 Re6 25. Bh4 f5 26. f4 Be4 27. Bg3
exf4 28. Bxf4 Ne5 29. Bxe5 Rxe5 30. f3 1-0

[Event "Amager Klubmesterskab 2011"]
[Site "Sundbyoster"]
[Date "2011.03.22"]
[Round "6"]
[White "Jensen, Jonbert"]
[Black "Luedeking, John"]
[Result "0-1"]
[WhiteElo "1355"]
[BlackElo "1658"]
[PlyCount "72"]
[EventDate "2011.??.??"]

1. e4 c5 2. Nf3 d6 3. Bc4 e6 4. a3 Nf6 5. Nc3 Be7 6. O-O a6 7. h3 O-O 8. d4
cxd4 9. Nxd4 Qc7 10. Qe2 Nc6 11. Nxc6 Qxc6 12. Re1 b5 13. Bd3 Bb7 14. Bg5 Rfe8
15. f3 Rac8 16. Kh1 Nh5 17. Qe3 Nf6 18. Qf2 h6 19. Bh4 Nd7 20. Bxe7 Rxe7 21.
Qh4 Ree8 22. Re3 Qc5 23. Rae1 Ne5 24. f4 Ng6 25. Qg4 e5 26. g3 Nf8 27. Rf3 exf4
28. gxf4 f5 29. Qg2 Rc7 30. Qg3 Rce7 31. Rfe3 d5 32. Qg1 fxe4 33. Be2 d4 34.
Rg3 e3+ 35. Bf3 Bxf3+ 36. Rxf3 dxc3 0-1

[Event "Amager Klubmesterskab 2011"]
[Site "Sundbyoster"]
[Date "2011.03.22"]
[Round "6"]
[White "Jensen, Ole Yde"]
[Black "Madsen, Palle"]
[Result "1-0"]
[WhiteElo "1553"]
[BlackElo "1882"]
[PlyCount "101"]
[EventDate "2011.??.??"]

1. f4 e5 2. d3 exf4 3. Bxf4 d5 4. Nc3 Nf6 5. g3 Bd6 6. Qd2 O-O 7. Bg5 c6 8. Bg2
Be6 9. Nf3 Nbd7 10. Nd4 Qc7 11. O-O-O a6 12. e4 dxe4 13. Nxe4 Nxe4 14. Bxe4 Bd5
15. Bxd5 cxd5 16. Nf5 f6 17. Bf4 Bxf4 18. gxf4 Rf7 19. Rde1 Nf8 20. Nd4 f5 21.
h4 Qd6 22. h5 b5 23. Nf3 Raa7 24. Ne5 Rf6 25. h6 g6 26. Rhg1 Re7 27. Rg3 b4 28.
Rge3 Rfe6 29. d4 a5 30. b3 a4 31. Nd3 axb3 32. axb3 Ra7 33. Qxb4 Ra1+ 34. Kd2
Qxb4+ 35. Nxb4 Rxe1 36. Rxe1 Rxe1 37. Kxe1 Ne6 38. Nxd5 Nxd4 39. Nf6+ Kf7 40.
Nxh7 Nxc2+ 41. Kd2 Nd4 42. Ng5+ Kf6 43. b4 Nb5 44. Kd3 Nd6 45. Kd4 Nb5+ 46. Kc5
Nc3 47. b5 Na4+ 48. Kc6 Nb2 49. b6 Nc4 50. b7 Na5+ 51. Kc7 1-0

[Event "Amager Klubmesterskab 2011"]
[Site "Sundbyoster"]
[Date "2011.03.22"]
[Round "6"]
[White "Larsen, Kim"]
[Black "Pommerencke, Lars"]
[Result "1-0"]
[WhiteElo "1544"]
[BlackElo "1511"]
[PlyCount "89"]
[EventDate "2011.??.??"]

1. e4 c5 2. Nf3 Nc6 3. c3 g6 4. d4 cxd4 5. cxd4 Bg7 6. Nc3 d6 7. Be2 e6 8. O-O
a6 9. Be3 b5 10. a3 Bb7 11. d5 Ne5 12. dxe6 Nxf3+ 13. Bxf3 fxe6 14. Qd2 Qd7 15.
Rfd1 Ne7 16. Qxd6 Qxd6 17. Rxd6 Bxc3 18. bxc3 Kf7 19. Rad1 Bc6 20. Bg5 Rac8 21.
Bxe7 Kxe7 22. Bg4 Rc7 23. Rxe6+ Kf7 24. e5 Re8 25. Rxe8 Bxe8 26. Rd3 Rc4 27.
Bd1 Re4 28. Bb3+ Ke7 29. Re3 Rxe3 30. fxe3 Bc6 31. Kf2 Be4 32. c4 Bd3 33. cxb5
axb5 34. Kf3 Bc4 35. Bc2 Ke6 36. Kf4 Bf1 37. g4 Bc4 38. Ke4 g5 39. Bd3 Bxd3+
40. Kxd3 Kxe5 41. e4 h6 42. Ke3 Ke6 43. Kd4 Kd6 44. e5+ Ke6 45. Ke4 1-0

[Event "Amager Klubmesterskab 2011"]
[Site "Sundbyoster"]
[Date "2011.03.22"]
[Round "6"]
[White "Larsen, Ulrik Jejlskov"]
[Black "Tronning, Mark Philip"]
[Result "1-0"]
[WhiteElo "1517"]
[BlackElo "1416"]
[PlyCount "93"]
[EventDate "2011.??.??"]

1. d4 d5 2. e3 c6 3. Bd3 Nf6 4. Nf3 Bg4 5. c4 e6 6. Nbd2 Nbd7 7. Qb3 Qc7 8. h3
Bh5 9. cxd5 exd5 10. Nf1 Ne4 11. N1d2 Ndf6 12. Ne5 Bd6 13. f4 Ng3 14. Rg1 Bg6
15. Nxg6 hxg6 16. Nf1 Nfe4 17. Nxg3 Nxg3 18. Bd2 Ne4 19. Bb4 Bxb4+ 20. Qxb4
O-O-O 21. O-O-O Nf2 22. Rd2 Nxd3+ 23. Rxd3 Rde8 24. Rgd1 f5 25. Ra3 a6 26. Rdd3
Re7 27. Qc5 Rhe8 28. Rdb3 Kd7 29. Kd2 Ke6 30. g4 Rh8 31. g5 Rxh3 32. Rb6 Rh2+
33. Kd1 Qd8 34. Rxb7 Qd6 35. Rxe7+ Kxe7 36. b4 Qxc5 37. bxc5 Rb2 38. Rxa6 Kf7
39. a4 Rb3 40. Ke2 Rb4 41. a5 Rb5 42. Ra7+ Kf8 43. a6 Ra5 44. Ra8+ Kf7 45. a7
Ra3 46. Kd2 Ke7 47. Rg8 1-0

[Event "Amager Klubmesterskab 2011"]
[Site "Sundbyoster"]
[Date "2011.03.22"]
[Round "6"]
[White "Lunding, Peter M"]
[Black "Brorsen, Jacob Abildlund"]
[Result "0-1"]
[WhiteElo "1939"]
[BlackElo "2055"]
[PlyCount "62"]
[EventDate "2011.??.??"]

1. d4 g6 2. Nf3 Bg7 3. c3 d6 4. e4 Nf6 5. Bd3 O-O 6. O-O Nc6 7. Bg5 h6 8. Bh4
e5 9. dxe5 dxe5 10. h3 g5 11. Bg3 Nh5 12. Bb5 Nxg3 13. fxg3 Qe7 14. Bxc6 Qc5+
15. Kh2 Qxc6 16. Qe2 Be6 17. Nbd2 a5 18. g4 a4 19. Rfc1 Rfd8 20. Qe3 Rd7 21.
Nf1 Rad8 22. Ng3 Rd3 23. Qe1 Qb6 24. Rc2 Bxa2 25. Rf2 Bb3 26. Nf5 Qe6 27. Qe2
b5 28. Nxg7 Kxg7 29. Nd4 Qc4 30. Raf1 exd4 31. Rxf7+ Kg8 0-1

[Event "Amager Klubmesterskab 2011"]
[Site "Sundbyoster"]
[Date "2011.03.29"]
[Round "6"]
[White "Nielsen, Bjorn"]
[Black "Kinch, Peder"]
[Result "1-0"]
[WhiteElo "1124"]
[BlackElo "1228"]
[PlyCount "65"]
[EventDate "2011.??.??"]

1. e4 e5 2. Bc4 d6 3. Nf3 Be7 4. O-O Bg4 5. Be2 Be6 6. d3 Nf6 7. Nbd2 c5 8. c4
Nc6 9. b3 O-O 10. Re1 Nb4 11. a3 Nc6 12. Nf1 Ne8 13. Ng3 f5 14. exf5 Bxf5 15.
Nxf5 Rxf5 16. Be3 Rf7 17. h3 Bf6 18. Rb1 Nc7 19. Nh2 Ne6 20. Bh5 g6 21. Qg4 Ng5
22. Bxg5 Bxg5 23. Nf3 Bf6 24. Bxg6 hxg6 25. Qxg6+ Rg7 26. Qf5 Qe8 27. Re4 Ne7
28. Qe6+ Qf7 29. Qxd6 Ng6 30. Rg4 Rd8 31. Qxc5 Rxd3 32. Qc8+ Kh7 33. Qf5 1-0

[Event "Amager Klubmesterskab 2011"]
[Site "Sundbyoster"]
[Date "2011.03.22"]
[Round "6"]
[White "Nielsen, Mogens Bach"]
[Black "Bekker Jensen, Morten Breinholdt"]
[Result "1/2-1/2"]
[WhiteElo "1846"]
[BlackElo "1890"]
[PlyCount "77"]
[EventDate "2011.??.??"]

1. c4 g6 2. e3 Bg7 3. d4 Nf6 4. Nc3 d6 5. Nf3 O-O 6. Bd3 Nc6 7. O-O a5 8. a3 e5
9. dxe5 dxe5 10. Ne4 Bg4 11. Nxf6+ Qxf6 12. Be2 Rfd8 13. Qc2 Rd7 14. Bd2 e4 15.
Bc3 Qe7 16. Bxg7 exf3 17. gxf3 Bh3 18. Bh6 Bxf1 19. Kxf1 Rad8 20. Qc3 Qe5 21.
Qxe5 Nxe5 22. Bg5 Re8 23. b4 axb4 24. axb4 Kg7 25. f4 Nc6 26. b5 Ne7 27. Bf3 b6
28. Bxe7 Rexe7 29. Bd5 Rd8 30. Ra7 f5 31. Kg2 Kf6 32. h4 h6 33. Kg3 g5 34.
hxg5+ hxg5 35. fxg5+ Kxg5 36. f4+ Kf6 37. Kf3 Rg7 38. Ra8 Rxa8 39. Bxa8 1/2-1/2

[Event "Amager Klubmesterskab 2011"]
[Site "Sundbyoster"]
[Date "2011.03.22"]
[Round "6"]
[White "Petersen, Nils"]
[Black "Carstensen, Jacob"]
[Result "0-1"]
[WhiteElo "1997"]
[BlackElo "2325"]
[PlyCount "114"]
[EventDate "2011.??.??"]

1. c4 e5 2. g3 Nf6 3. Bg2 Nc6 4. Nc3 Bc5 5. e3 O-O 6. Nge2 d6 7. d4 Bb6 8. O-O
a5 9. b3 Re8 10. Bb2 exd4 11. exd4 Bf5 12. a3 Qd7 13. Rc1 Re7 14. Na4 Ba7 15.
Nf4 Be4 16. Bh3 Bf5 17. Bg2 Rae8 18. c5 d5 19. Nc3 Be6 20. Nb5 Bb8 21. Re1 Nd8
22. Nc3 c6 23. Nxe6 Nxe6 24. Qd2 h6 25. Na4 Ng5 26. Rxe7 Qxe7 27. Nc3 Qe6 28.
Rf1 Bc7 29. h4 Nge4 30. Nxe4 dxe4 31. Re1 Qxb3 32. Qc3 Qe6 33. Bc1 Nd5 34. Qb3
f5 35. Qxb7 Qf6 36. Qa6 Kh7 37. Qc4 Qg6 38. Qc2 Re6 39. Qe2 e3 40. Bxd5 exf2+
41. Qxf2 Rxe1+ 42. Qxe1 Bxg3 43. Qe6 cxd5 44. Qxg6+ Kxg6 45. Kg2 Bxh4 46. c6
Bd8 47. a4 Bc7 48. Kf3 Kf6 49. Ba3 g5 50. Bf8 h5 51. Bh6 h4 52. Kg2 g4 53. Be3
h3+ 54. Kg1 f4 55. Bd2 g3 56. Kh1 f3 57. Be1 g2+ 0-1

[Event "Amager Klubmesterskab 2011"]
[Site "Sundbyoster"]
[Date "2011.03.22"]
[Round "6"]
[White "Raad, Mads Bonde"]
[Black "Svensson, John Michael"]
[Result "1-0"]
[WhiteElo "1000"]
[BlackElo "1492"]
[PlyCount "95"]
[EventDate "2011.??.??"]

1. d4 Nf6 2. Bg5 e6 3. Nf3 h6 4. Bf4 d6 5. Nc3 b6 6. e4 Bb7 7. d5 e5 8. Be3 Be7
9. Bb5+ Nbd7 10. Nd2 Ng4 11. Qxg4 a6 12. Bxd7+ Qxd7 13. Qxd7+ Kxd7 14. O-O-O b5
15. Rhf1 c5 16. dxc6+ Bxc6 17. Nd5 Bxd5 18. exd5 f5 19. f4 e4 20. Bd4 Rhg8 21.
h3 g6 22. Rg1 g5 23. Rdf1 Rgf8 24. Bg7 gxf4 25. Bxf8 Bg5 26. Bxh6 Bxh6 27. Kd1
Re8 28. Ke2 Re5 29. c4 e3 30. Nf3 Re4 31. g3 Rxc4 32. gxf4 Bxf4 33. Kd3 Rc5 34.
Nd4 Be5 35. Kxe3 f4+ 36. Ke4 Rc4 37. Rd1 Ke7 38. b3 Rc3 39. Nc6+ Kf6 40. Nxe5
dxe5 41. Rd3 Rc2 42. d6 Re2+ 43. Kf3 e4+ 44. Kxe2 f3+ 45. Rxf3+ exf3+ 46. Kxf3
Ke6 47. Rd1 Kd7 48. h4 1-0